Etica de situación (Record no. 64180)

MARC details
000 -LEADER
campo de control de longitud fija 00546nam a2200181 i 4500
001 - NÚMERO DE CONTROL
campo de control 64180
003 - IDENTIFICADOR DE NÚMERO DE CONTROL
campo de control ES-MaACL
005 - FECHA Y HORA DE LA ÚLTIMA TRANSACCIÓN
campo de control 20230906165049.0
007 - CAMPO FIJO DE DESCRIPCIÓN FÍSICA--INFORMACIÓN GENERAL
campo de control de longitud fija t|
008 - DATOS DE LONGITUD FIJA--INFORMACIÓN GENERAL
campo de control de longitud fija 031222s1970 sp ||||1| spa d
100 1# - ENTRADA PRINCIPAL--NOMBRE DE PERSONA
Nombre de persona Fletcher, Joseph.
9 (RLIN) 51188
245 10 - MENCIÓN DEL TÍTULO
Título Etica de situación
Resto del título : la nueva moralidad /
Mención de responsabilidad, etc. Joseph Fletcher ; [traducción, José Manuel Udina].
250 ## - MENCION DE EDICION
Mención de edición [1ª ed.].
260 ## - PUBLICACIÓN, DISTRIBUCIÓN, ETC.
Lugar de publicación, distribución, etc. [Barcelona] :
Nombre del editor, distribuidor, etc. Ariel,
Fecha de publicación, distribución, etc. [1970]
300 ## - DESCRIPCIÓN FÍSICA
Extensión 259 p. ;
Dimensiones 19 cm.
700 1# - ENTRADA AGREGADA--NOMBRE PERSONAL
Nombre de persona Udina, José Manuel.
9 (RLIN) 111867
852 ## - LOCALIZACIÓN
Ubicación ES-MaACL
Número de control de estantería C-44873
Sublocalización o colección R.73150
Holdings
Estatus retirado Estado de pérdida Estado de daño No para préstamo Biblioteca de origen Biblioteca actual Ubicación en estantería Fecha de adquisición Fuente de adquisición Total de préstamos Signatura topográfica completa Código de barras Visto por última vez Precio de reemplazo Tipo de ítem Koha
        Biblioteca del Ateneo de Madrid Biblioteca del Ateneo de Madrid Depósito 2 17/01/2008     C-44873 1067258 23/02/2023 23/02/2023 Libro impreso